Jak vznikl člověk : sága rodu Homo /

Hlavní autor: Mazák, Vratislav, 1937-1987
Jazyk: Čeština
Vydáno: Praha : Práce, 1986
Vydání: 2., dopl. vyd.
Edice: Kotva (Práce)
Témata:
Externí odkaz: Digitalizovaný dokument
Fyzický popis: 421 s., barev. obr. příl. : il.
Knihy
Uloženo v:
LEADER 01179nam a22003132a 4500
001 000040387
003 CZ BrMZK
005 20080221110809.0
007 ta
008 951201s1986 xr af f 000 0 cze d
015 |a cnb000019443 
035 |a (OCoLC)27009107 
040 |a BOA001  |b cze 
080 9 |a 572.1/.4 
100 1 |a Mazák, Vratislav,  |d 1937-1987  |7 jk01080980  |4 aut 
245 1 0 |a Jak vznikl člověk :  |b sága rodu Homo /  |c Vratislav Mazák ; ilustrovali Zdeněk Burian a Vratislav Mazák 
250 |a 2., dopl. vyd. 
260 |a Praha :  |b Práce,  |c 1986 
300 |a 421 s., barev. obr. příl. :  |b il. 
490 1 |a Kotva 
504 |a Obsahuje bibliografii 
830 0 |a Kotva (Práce)  |0 s 
856 4 1 |u http://www.digitalniknihovna.cz/mzk/uuid/uuid:190c6e50-42d1-11e3-ad8c-005056827e52  |y Digitalizovaný dokument  |x NDK 
910 |a BOA001  |b PK-0103.092  |b 2-0915.055 
920 |a 000169288 
964 |a Člověk - vznik - výklady populární 
990 |a BK 
996 7 |b 2619947651  |c 2-0915.055  |l MZK  |r Sklad / do 1 hodiny  |n 29  |w 000040387  |u 000020  |a 1  |e BOA001  |j MZK50  |s A 
996 7 |b 3119989857  |c PK-0103.092  |l MZK  |r Sklad / do 1 hodiny  |n 23  |w 000040387  |u 000010  |a 1  |e BOA001  |j MZK50  |s A